[Event "Fast tournament"]
[Site "SchemingMind.com"]
[Date "2014.05.25"]
[Round "-"]
[White "Scooter"]
[Black "Stephen Woodhouse"]
[Result "0-1"]
[WhiteCountry "USA"]
[BlackCountry "ENG"]
[WhiteElo "1745"]
[WhiteRD "46"]
[BlackElo "1872"]
[BlackRD "50"]
[GameID "358876"]

1. d4 e6 2. Bf4 f5 3. Nf3 Nf6 4. e3 b6 5. Be2 Bb7 6. Nbd2 Be7 7. O-O O-O 8. a3 Ne4 9. c4 d6 10. Qc2 Nd7
11. Bd3 Ndf6 12. h3 Kh8 13. Ng5 Nxg5 14. Bxg5 h6 15. Bxf6 Bxf6 16. e4 fxe4 17. Nxe4 Qe7 18. Nxf6 Qxf6 19. Qc3 Rae8 20. Rae1 Qg5
21. d5 exd5 22. Rxe8 Rxe8 23. cxd5 Bxd5 24. f3 c5 25. Bc4 Bxc4 26. Qxc4 d5 27. Qb5 Qe7 28. Qc6 d4 29. Qd5 Qe3+ 30. Kh1 Qe2
31. Kg1 d3 32. Rf2 Qe1+ 33. Rf1 d2 34. b4 cxb4 35. axb4 a5 36. bxa5 bxa5 37. f4 Qxf1+
0-1

[Event "Fast tournament"]
[Site "SchemingMind.com"]
[Date "2014.05.25"]
[Round "-"]
[White "Stephen Woodhouse"]
[Black "Scooter"]
[Result "0-1"]
[WhiteCountry "ENG"]
[BlackCountry "USA"]
[WhiteElo "1872"]
[WhiteRD "50"]
[BlackElo "1745"]
[BlackRD "46"]
[GameID "358877"]

1. e4 c6 2. d4 d5 3. exd5 cxd5 4. c4 Nf6 5. Nc3 e6 6. Nf3 Bb4 7. cxd5 Bxc3+ 8. bxc3 Nxd5 9. Bd2 O-O 10. Bd3 Nc6
11. O-O a6 12. Qe2 b5 13. a4 Bb7 14. axb5 axb5 15. Bxb5 Qc7 16. Qc4 Rfc8 17. Rxa8 Bxa8 18. Ra1 Nb6 19. Qe2 Ne7 20. Ne5 Qb7
21. f3 Nbd5 22. c4 Nc7 23. Ba5 Nxb5 24. cxb5 Qd5 25. Qb2 Nf5 26. Rc1 Qxd4+ 27. Qxd4 Rxc1+
0-1

[Event "Fast tournament"]
[Site "SchemingMind.com"]
[Date "2014.05.25"]
[Round "-"]
[White "simpet"]
[Black "Stephen Woodhouse"]
[Result "0-1"]
[WhiteCountry "ENG"]
[BlackCountry "ENG"]
[WhiteElo "1610"]
[WhiteRD "55"]
[BlackElo "1872"]
[BlackRD "50"]
[GameID "358878"]

1. e4 e6 2. Nf3 d5 3. Nc3 c5 4. exd5 exd5 5. d4 Nf6 6. Bb5+ Nc6 7. O-O cxd4 8. Nxd4 Bd7 9. Bg5 Be7 10. Bxf6 Bxf6
11. Re1+ Ne7 12. Nxd5 O-O 13. Nxf6+ gxf6 14. Bxd7 Qxd7 15. c3 Kh8 16. Qf3 f5 17. Rad1 Rg8 18. Re5 Rad8 19. h3 Ng6 20. g3 Nxe5
0-1

[Event "Fast tournament"]
[Site "SchemingMind.com"]
[Date "2014.05.24"]
[Round "-"]
[White "Stephen Woodhouse"]
[Black "simpet"]
[Result "1-0"]
[WhiteCountry "ENG"]
[BlackCountry "ENG"]
[WhiteElo "1872"]
[WhiteRD "50"]
[BlackElo "1610"]
[BlackRD "55"]
[GameID "358879"]

1. e4 e5 2. Nf3 Nc6 3. d4 d6 4. dxe5 Bg4 5. exd6 Bxd6 6. Be2 Nge7 7. h3 Bh5 8. O-O O-O 9. Bg5 f6 10. Be3 f5
11. Nd4 Bxe2 12. Qxe2 Nxd4 13. Bxd4 c5 14. Bc3 b5 15. exf5 Nxf5 16. Qxb5 Rb8 17. Qc4+ Kh8 18. Nd2 Qc7 19. Ne4 Be5 20. Rae1 Bxc3
21. Qxc3 c4 22. Ng5 Rf6 23. Re6 Rbf8 24. Rfe1 h6 25. Rxf6 gxf6 26. Ne6 Qf7 27. Nxf8 Qxf8 28. Qxc4
1-0

[Event "Fast tournament"]
[Site "SchemingMind.com"]
[Date "2014.05.24"]
[Round "-"]
[White "Chessibelle"]
[Black "Stephen Woodhouse"]
[Result "0-1"]
[WhiteCountry "ENG"]
[BlackCountry "ENG"]
[WhiteElo "1179"]
[WhiteRD "56"]
[BlackElo "1872"]
[BlackRD "50"]
[GameID "358880"]

1. Nf3 e6 2. d4 f5 3. Nc3 Nf6 4. e3 b6 5. Bd2 Bb7 6. Be2 Be7 7. O-O O-O 8. Bd3 Nc6 9. Re1 Nb4 10. Bb5 Nbd5
11. a3 Nxc3 12. Bxc3 a6 13. Bc4 b5 14. Bd3 Ne4 15. Ba5 Qc8 16. c4 bxc4 17. Bxc4 c5 18. Ne5 d6 19. Nf3 d5 20. Bd3 Qe8
21. Ne5 Bd6 22. f4 Bxe5 23. Qb3 Rb8 24. Bf1 Bd6 25. Rec1 cxd4 26. exd4 Bc6 27. Qc2 Bb5 28. a4 Bxf1 29. Rxf1 Bb4 30. Bc7 Rc8
31. Qb3 Nd2 32. Qxb4 Nxf1 33. Be5 Ne3 34. Qd2 Nc4 35. Qe2 Nxe5 36. Qxe5 Rc4 37. b3 Rc2 38. Rf1 Qg6 39. g3 Rfc8 40. Qd6 h5
41. Qe5 h4 42. Qe3 R8c3 43. Qe5 hxg3
0-1

[Event "Fast tournament"]
[Site "SchemingMind.com"]
[Date "2014.05.24"]
[Round "-"]
[White "Stephen Woodhouse"]
[Black "Chessibelle"]
[Result "1-0"]
[WhiteCountry "ENG"]
[BlackCountry "ENG"]
[WhiteElo "1872"]
[WhiteRD "50"]
[BlackElo "1179"]
[BlackRD "56"]
[GameID "358881"]

1. e4 e5 2. Nf3 Nc6 3. d4 Bd6 4. Nc3 Nf6 5. Bg5 Be7 6. d5 Nb4 7. a3 Na6 8. Nxe5 d6 9. Nd3 h6 10. Bh4 Nc5
11. Nxc5 b6 12. Nd3 Bg4 13. Be2 Bd7 14. O-O g5 15. Bg3 c6 16. e5 cxd5 17. exf6 Bf8 18. Re1 Qxf6 19. Nxd5 Qd8 20. Bg4+ Be6
21. Qe2 Qd7 22. Nf6+
1-0

[Event "Fast tournament"]
[Site "SchemingMind.com"]
[Date "2014.05.24"]
[Round "-"]
[White "Stephen Woodhouse"]
[Black "JDan"]
[Result "1-0"]
[WhiteCountry "ENG"]
[BlackCountry "POL"]
[WhiteElo "1872"]
[WhiteRD "50"]
[BlackElo "1615"]
[BlackRD "61"]
[GameID "358882"]

1. e4 e6 2. d4 d5 3. Nd2 Nf6 4. e5 Nfd7 5. Bd3 c5 6. c3 Nc6 7. Ne2 Qb6 8. Nf3 f6 9. exf6 Nxf6 10. O-O Bd6
11. b3 O-O 12. Bf4 Bxf4 13. Nxf4 cxd4 14. cxd4 Nxd4 15. Nxd4 e5 16. Nf5 exf4 17. Rc1 Ne4 18. Ne7+ Kh8 19. Nxd5 Qd4 20. Ne7 Nc3
21. Qc2 Qd8 22. Ng6+ hxg6 23. Qxc3 Qg5 24. Be4 Rb8 25. Qc7 Be6 26. Rc5 Rbc8 27. Qxc8
1-0

[Event "Fast tournament"]
[Site "SchemingMind.com"]
[Date "2014.05.25"]
[Round "-"]
[White "JDan"]
[Black "Stephen Woodhouse"]
[Result "1/2-1/2"]
[WhiteCountry "POL"]
[BlackCountry "ENG"]
[WhiteElo "1615"]
[WhiteRD "61"]
[BlackElo "1872"]
[BlackRD "50"]
[GameID "358883"]

1. e4 e6 2. Bb5 a6 3. Ba4 b5 4. Bb3 Bb7 5. d3 d5 6. Qe2 c5 7. a3 c4 8. Ba2 Nf6 9. e5 Nfd7 10. d4 Nc6
11. Nf3 Be7 12. O-O O-O 13. b3 Na5 14. b4 Nc6 15. Nc3 Kh8 16. Ne1 Bg5 17. f4 Bh6 18. Nf3 Qe7 19. Ng5 Rae8 20. Bb1 f6
21. Nf3 fxe5 22. fxe5 Bxc1 23. Rxc1 Nd8 24. Rf1 Nf7 25. Nd1 Ng5 26. Ne3 Nxf3+ 27. Rxf3 Rxf3 28. Qxf3 Rf8 29. Qe2 Bc6 30. c3 Rf7
31. Qh5 g6 32. Qe2 Nb6 33. Bc2 Be8 34. Ng4 Nd7 35. Nh6 Rf8 36. a4 Qg5 37. Ng4 h5 38. Nf2 Nb6 39. axb5 Bxb5 40. Nh3 Qh6
41. g4 hxg4 42. Qxg4 Kg7 43. Ng5 Re8 44. Nxe6+ Rxe6 45. Qxe6 Qe3+ 46. Kh1 Qf3+=
1/2-1/2

[Event "Fast tournament"]
[Site "SchemingMind.com"]
[Date "2014.05.24"]
[Round "-"]
[White "Stephen Woodhouse"]
[Black "xarxziux"]
[Result "1-0"]
[WhiteCountry "ENG"]
[BlackCountry "IRL"]
[WhiteElo "1901"]
[WhiteRD "49"]
[BlackElo "1937"]
[BlackRD "104"]
[GameID "358884"]

1. e4 d6 2. d4 Nf6 3. Nc3 e5 4. dxe5 dxe5 5. Qxd8+ Kxd8 6. Bc4 Bb4 7. Bg5 Bxc3+ 8. bxc3 Be6 9. Bxe6 fxe6 10. Nf3 Nc6
11. O-O-O+ Ke7 12. Rd3 h6 13. Bxf6+ gxf6 14. Rhd1 Rad8 15. Nh4 Rhg8 16. g3 Na5 17. Ng6+ Kf7 18. Nxe5+ fxe5 19. Rxd8 Rxd8 20. Rxd8 c6
21. Rd7+ Kf6 22. Kd2
1-0

[Event "Fast tournament"]
[Site "SchemingMind.com"]
[Date "2014.05.24"]
[Round "-"]
[White "xarxziux"]
[Black "Stephen Woodhouse"]
[Result "1/2-1/2"]
[WhiteCountry "IRL"]
[BlackCountry "ENG"]
[WhiteElo "1937"]
[WhiteRD "104"]
[BlackElo "1901"]
[BlackRD "49"]
[GameID "358885"]

1. Nf3 e6 2. g3 f5 3. Bg2 Nf6 4. O-O d5 5. c4 c6 6. d3 dxc4 7. d4 Be7 8. Nbd2 O-O 9. Nxc4 c5 10. Nce5 Nbd7
11. dxc5 Bxc5 12. Qb3 Nxe5 13. Nxe5 Qb6 14. Qxb6 Bxb6 15. Rd1 Rd8 16. Bf4 Nd5 17. Nc4 Nxf4 18. Nxb6 Nxe2+ 19. Kf1 Rxd1+ 20. Rxd1 Nxg3+
21. hxg3 axb6 22. Rd8+ Kf7 23. a3 Ke7 24. Rg8 Kf7 25. Rd8 Ke7=
1/2-1/2

[Event "Fast tournament"]
[Site "SchemingMind.com"]
[Date "2014.05.25"]
[Round "-"]
[White "Scooter"]
[Black "Cerebrito"]
[Result "1-0"]
[WhiteCountry "USA"]
[BlackCountry "JPN"]
[WhiteElo "1755"]
[WhiteRD "48"]
[BlackElo "1359"]
[BlackRD "204"]
[GameID "358955"]

1. d4 Nf6 2. Nf3 d5 3. Bf4 c5 4. c3 cxd4 5. cxd4 Nc6 6. a3 Bf5 7. e3 e6 8. Bd3 Bxd3 9. Qxd3 Bd6 10. Bxd6 Qxd6
11. O-O
1-0

[Event "Fast tournament"]
[Site "SchemingMind.com"]
[Date "2014.05.25"]
[Round "-"]
[White "Cerebrito"]
[Black "Scooter"]
[Result "0-1"]
[WhiteCountry "JPN"]
[BlackCountry "USA"]
[WhiteElo "1359"]
[WhiteRD "204"]
[BlackElo "1755"]
[BlackRD "48"]
[GameID "358956"]

1. d4 Nf6 2. c4 g6 3. Nc3 Bg7 4. e4 d6 5. Nge2 O-O 6. Ng3 e5 7. d5 a6 8. h4 Nbd7 9. h5 gxh5 10. Nxh5 Nxh5
0-1